书目信息

书名: 转运 
作者: 成杰
出版信息: 北京   中国华侨出版社  2013.05
开本页数: 24cm  212页
丛书名:
单 册:
中图分类: B842
科图分类:
主题词: 习惯性--xi guan xing--能力培养--通俗读物
电子资源:
ISBN: 978-7-5113-3359-9
000 00897nam0 2200241 450
001 CAL 010040112321
005 20130502162546.95
010    @a978-7-5113-3359-9@dCNY32.00
100    @a20130502d2013 em y0chiy0121 ea
101 @achi
102    @aCN@b110000
105    @ay z 000yy
106    @ar
200 @a转运@Azhuan yun@e改变命运的7个良好习惯@f成杰著
210    @a北京@c中国华侨出版社@d2013.05
215    @a212页@d24cm
330    @a本书从八个方面分析了习惯的实际作用, 以引导你养成良好习惯的方式、方法。主要内容包括: 习惯的强大力量 —— 好习惯结好果, 坏习惯酿恶果 ; 坚持学习的习惯 —— 将“完美”进行到底等。
517 @a改变命运的7个良好习惯@Agai bian ming yun de 7 ge liang hao xi guan
606 @a习惯性@Axi guan xing@x能力培养@j通俗读物
690    @aB842@v5
701  0 @a成杰@Acheng jie@4著
801  0 @aCN@bRENTIAN@c20130502
905    @aCKNYKJZYXY@b300491515-7@dB842@e77@f3
    
    转运:改变命运的7个良好习惯/成杰著.-北京:中国华侨出版社,2013.05
    212页;24cm
    
    
    ISBN 978-7-5113-3359-9:CNY32.00
    本书从八个方面分析了习惯的实际作用, 以引导你养成良好习惯的方式、方法。主要内容包括: 习惯的强大力量 —— 好习惯结好果, 坏习惯酿恶果 ; 坚持学习的习惯 —— 将“完美”进行到底等。
相关链接 在五车中查询图书 在当当中查询图书 在豆瓣中查询图书


正题名:转运     索取号:B842/77         预约/预借

序号 登录号 条形码 馆藏地/架位号 状态 备注
1 491515   300491515   海科密-1楼/1架6列5层/ [索取号:B842/77] 在馆    
2 491516   300491516   海科密-1楼/1架6列5层/ [索取号:B842/77] 在馆    
3 491517   300491517   海科密-1楼/1架6列5层/ [索取号:B842/77] 在馆